zpět

Detail výsledku týmu

Hells Bells Beer Pub, Praha

Datum a čas kvízu

19.5 Celkem bodů Celkový počet nahraných bodů na tomto kvízu bez doplňovacích otázek.
10. Pořadí na kvízu Konečné umístění týmu na tomto kvízu.

Zaznamenané odpovědi

# Otázka Odpověď Body Výsledky
1. Město Znojmo sklidilo na velet... 0
2. Strana Alternativa pro Německo... 1
3. Nominacím na Oscary vévodí fil... 0
4. Americká firma Nike představil... 0
5. Po dvaceti letech se v kolonce... 0
6. Rok 1989 si přirozeně spojujem... 0
7. Je samozřejmé, že události v z... 0
8. V tomto roce skončil i komunis... 1
9. Nejen politikou živ je člověk.... 0
10. Lidé narození roku 1989 patří... 1